Pelo espaco: uma nova política da espacialidade
Guardado en:
| Autor principal: | |
|---|---|
| Formato: | Libro |
| Lenguaje: | portugués |
| Publicado: |
Río de Janeiro
Bertrand Brasil
2015
|
| Edición: | 5a. ed |
| Materias: | |
| Etiquetas: |
Agregar Etiqueta
Sin Etiquetas, Sea el primero en etiquetar este registro!
|
MARC
| LEADER | 00000cam a2200000 a 4500 | ||
|---|---|---|---|
| 001 | UCC4948 | ||
| 003 | CL-VaPUC | ||
| 008 | 180907e20150000bl |||||||||||||||||por|d | ||
| 020 | |a 9788528613070 | ||
| 082 | 0 | 4 | |a 304.2 |b MAS |2 21 |
| 100 | |a Massey, Doreen |e autora |9 602581 | ||
| 245 | 1 | 0 | |a Pelo espaco: uma nova política da espacialidade |
| 250 | |a 5a. ed | ||
| 300 | |a 312 p | ||
| 942 | |c BK | ||
| 945 | |d 20180907 13:03:00 |a dcastane | ||
| 260 | |a Río de Janeiro |b Bertrand Brasil |c 2015 | ||
| 650 | 0 | |a Globalización |9 361930 | |
| 650 | 0 | |a Geografía humana |9 267193 | |
| 650 | 0 | |a Ecología humana |9 263207 | |
| 583 | |a last modification |c 20180907 13:03:00 |k Rodrigo Vera | ||
| 999 | |c 372329 |d 372327 | ||
| 952 | |0 0 |1 0 |3 erb |4 0 |6 304_200000000000000_MAS_2015 |7 0 |8 A |9 489894 |a BIBING |b BIBING |i 549401K |o 304.2 MAS 2015 |p 549401K |r 2025-01-20 |w 2019-11-24 |y BK |z Catalogado en:20180907 |k GEO | ||